LEADER 00667nam a2200181 i 4500 001 000000103701 003 CaOOAMICUS 005 20011011000000.0 008 011011s1953 fr u000 u fre u 013 $a75879 040 $aSeMil$bita 245 10$aCatulinus-Clinchamp. 300 $a1464 col., [2] c. geogr. ripieg. 773 0 $tDictionnaire d'histoire et de géographie ecclésiastiques.$dTurnhout : Brepols, 2015-$z978-2-7063-0157-5$gTome12$w()600 850 $aSeMil 852 $aSeMil$W1$xVenegono$y1$mSL1.Q V 12$j60156$B60156$CSeMilBibl$Z2$F44628 $8I 961 $aSottoscrizione: Casa editrice 996 $6245$aCatulinus-Clinchamp$9(OLS)http://semarc/title/150511 LEADER 01068nam a2200241 i 4500 001 000000051937 003 CaOOAMICUS 005 20100713000000.0 008 100713s1905 xx u000 u lat u 013 $a23109 040 $aSeMil$bita 100 1 $aBrahm, Ed. .$0(OLS)http://semarc/name/25652 245 10$aDe reticentia voluntaria peccatorum in Confessione /$cconscripsit Ed. Brahm. 250 $aEd. 3. 260 $aRoulers (Belgique) :$bJules de Meester,$c1905. 300 $a87 p. ;$c21 cm. 650 4$aPenitenza - Manuali.$0(OLS)http://semarc/subject/4416 650 4$aPenitenza - Confessore.$0(OLS)http://semarc/subject/5130 650 4$aPenitenza - Confessione dei peccati.$0(OLS)http://semarc/subject/4112 850 $aSeMil 852 $aSeMil$W1$xVenegono$y1$m2J II 21$j255247$B18092$CSeMilBibl$Z2$F18093 $81 996 $6245$aDe reticentia voluntaria peccatorum in Confessione$9(OLS)http://semarc/title/79611 996 $6260$aRoulers (Belgique) :$bJules de Meester$9(OLS)http://semarc/publisher/41399